Alena Pauličková: Aby podnikanie bolo úspešné

Bibliographic Details
Main Author: Sabo, Mikuláš, 1942- (Author)
Format: Article
Language:Slovak
ISSN:1335-2024
Subjects:

MARC

LEADER 00000nab a2200000 a 4500
001 vtls000840499
003 SK-MaSNL
005 20260303210831.0
008 180207c2003 xo 0 slo
015 |a SNBRB2003/07-20539 
035 |a CLN000192154 
040 |a SNKBUCL  |b slo  |c SNKBUCL  |e AACR2 
041 0 |a slo 
044 |a xo  |c SK 
080 |a 347.7(048)  |2 UDC-MRF-SK2 
100 1 |a Sabo, Mikuláš,  |d 1942-  |4 aut  |9 46645 
245 1 0 |a Alena Pauličková: Aby podnikanie bolo úspešné  |c Mikuláš Sabo 
650 0 7 |a podnikanie  |x právo obchodné  |x monografie  |x recenzie  |2 snkbucl  |9 1243042 
650 0 7 |a obchodné právo  |2 snkbucl  |9 2216 
655 7 |a články z novín a časopisov  |2 snkbucl  |9 267496 
773 0 |x 1335-2024  |t Účtovníctvo. Audítorstvo. Daňovníctvo v teórii a praxi s prílohou  |g Roč. 11, č. 5 (2003), s. 189-190 
787 0 8 |i Rec.:  |a Pauličková, Alena  |t Aby podnikanie bolo úspešné  |d Bratislava : Eurounion, 2001 
850 |a Slovenská národná knižnica v Martine 
852 |a SNK  |b KIS3GCP 
958 |a RBX 
999 |c 2201993  |d 2203923